[Event "390 Stay Safe Play From Home series"]
[Site "Emanuel Lasker Arena"]
[Date "2020.08.17"]
[Round "7"]
[White "Haris kollari 13"]
[Black "Mepe_Nika"]
[Result "0-1"]
[WhiteElo "1906"]
[BlackElo "2301"]
[Annotator "NA RC"]
[PlyCount "50"]
[EventDate "2020.08.17"]
[EventType "swiss (blitz)"]

1. e4 {[%emt 0:00:01]} c6 {[%emt 0:00:04]} 2. f4 {[%emt 0:00:01]} d5 {[%emt 0:00:00]} 3. e5 {[%emt 0:00:01]} c5 {[%emt 0:00:02]} 4. Nf3 {[%emt 0:00:01]} Nc6 {[%emt 0:00:01]} 5. b3 {[%emt 0:00:00]} Bg4 {[%emt 0:00:01]} 6. Bb2 {[%emt 0:00:04]} e6 {[%emt 0:00:01]} 7. Be2 {[%emt 0:00:01]} Nh6 {[%emt 0:00:02]} 8. h3 {[%emt 0:00:03]} Bxf3 {[%emt 0:00:01]} 9. Bxf3 {[%emt 0:00:01]} Qh4+ {[%emt 0:00:01]} 10. Kf1 {[%emt 0:00:02]} Nf5 {[%emt 0:00:00]} 11. Qe1 {[%emt 0:00:08]} Ng3+ {[%emt 0:00:01]} 12. Kg1 {[%emt 0:00:01]} Be7 {[%emt 0:00:00]} 13. Rh2 {[%emt 0:00:03]} g5 {[%emt 0:00:05]} 14. fxg5 {[%emt 0:00:02]} Rg8 {[%emt 0:00:05]} 15. d4 {[%emt 0:00:04]} Rxg5 {[%emt 0:00:02]} 16. c3 {[%emt 0:00:03]} cxd4 {[%emt 0:00:04]} 17. cxd4 {[%emt 0:00:03]} Nxd4 {[%emt 0:00:01]} 18. Nd2 {[%emt 0:00:04]} Nc2 {[%emt 0:00:08]} 19. Qf2 {[%emt 0:00:02]} Nxa1 {[%emt 0:00:08]} 20. Bxa1 {[%emt 0:00:01]} Rc8 {[%emt 0:00:00]} 21. Bd4 {[%emt 0:00:05]} Rc1+ {[%emt 0:00:04]} 22. Nf1 {[%emt 0:00:02]} Rxf1+ {[%emt 0:00:15]} 23. Qxf1 {[%emt 0:00:01]} Qxd4+ {[%emt 0:00:01]} 24. Qf2 {[%emt 0:00:01]} Qa1+ {[%emt 0:00:01]} 25. Qe1 {[%emt 0:00:05]} Qxe1# {[%emt 0:00:01] (Lag: Av=0.51s, max=1.0s) (Lag: Av=0.51s, max=1.0s) (Lag: Av=0.51s, max=1.0s)} 0-1

[Event "390 Stay Safe Play From Home series"]
[Site "Emanuel Lasker Arena"]
[Date "2020.08.17"]
[Round "7"]
[White "Padmaesh M K"]
[Black "Greblha"]
[Result "0-1"]
[WhiteElo "1819"]
[BlackElo "1924"]
[Annotator "TA"]
[PlyCount "106"]
[EventDate "2020.08.17"]
[EventType "swiss (blitz)"]

{[%evp 13,106,-9,25,-46,-41,-50,76,0,20,7,0,0,0,-32,0,0,-8,-7,-4,-16,-12,-73,0,-57,14,0,67,50,52,47,122,12,20,-34,-38,-62,-62,-94,-75,-173,-185,-164,-114,-135,-88,-145,-145,-152,-140,-205,-218,-193,-165,-379,-279,-1372,-1361,-1028,-495,-1029,-947,-1550,-1395,-1263,-1373,-2316,-495,-473,-463,-1302,-1237,-1167,-967,-690,0,0,0,0,0,0,0,0,0,0,0,0,0,0,0,0,0,0,5106,0,0]} 1. e4 c6 2. c4 d5 3. exd5 cxd5 4. d4 Nf6 5. Nc3 Nc6 6. Nf3 Be6 7. Bg5 Ne4 8. Be3 {B13: Caro-Kann: Exchange Variation and Panov-Botvinnik Attack.} (8. Be2 $11) 8... Nxc3 $1 $15 9. bxc3 {[#]} g6 $146 {[#]} (9... dxc4 $15 {keeps the upper hand.} 10. Qa4 a6) ({Predecessor:} 9... dxc4 10. Rb1 Qa5 11. Qd2 Bd5 12. Be2 e6 13. O-O Ba3 14. Ne1 O-O 15. Nc2 Bd6 16. Rxb7 {0-1 (57) Zsiltzova Lisenko,L (2265)-Stratulat,S (2187) Kiev 2005}) 10. Qb3 (10. Ng5 $1 $16) 10... dxc4 11. Bxc4 Bxc4 12. Qxc4 Bg7 13. Rb1 Qd7 (13... O-O {looks sharper.} 14. O-O Rc8 15. Qb5 Na5 16. Bg5 Rxc3 17. Bxe7 Qxe7 18. Qxa5 Ra3) 14. O-O $36 {[%mdl 2048] White is pushing.} O-O 15. Rfd1 b6 16. Qb5 Rac8 17. d5 (17. h3 $11 {keeps the balance.}) 17... Nb8 (17... Ne5 $17 {And now ...Nxf3+ would win.} 18. Qxd7 Nxd7) 18. Nd4 (18. c4 $11) 18... Qd6 (18... Bxd4 $15 19. Qxd7 Nxd7 20. Bxd4 Rfe8) 19. Qb3 Rfd8 (19... Bxd4 $11 20. Bxd4 Rfd8) 20. Nb5 $14 Qd7 21. c4 Na6 (21... Be5 $14) 22. Rbc1 (22. Qa3 $16 Nb8 23. Nxa7 (23. Qxa7 Rxc4 24. Qxb6 Be5 $16) 23... Rxc4 24. Bxb6) 22... Nc5 $11 23. Bxc5 (23. Qb1 $11) 23... Rxc5 $15 24. Qa4 Ra8 25. Qb3 Rac8 26. Nd4 (26. Rc2 $17 {might work better.}) 26... Bxd4 $1 $19 27. Rxd4 b5 28. h3 a6 29. Qa3 ({Better is} 29. a4) 29... Rxc4 $17 30. Rdxc4 Rxc4 ({Much less strong is} 30... bxc4 31. Qxa6 c3 32. Qd3 $17) 31. Rxc4 (31. Re1 $17) 31... bxc4 {[%mdl 4096] Endgame KQ-KQ} 32. Qc5 Qb5 33. Qd4 $2 {[#]} (33. Qxe7 Qxd5 34. Qe8+ Kg7 35. Qe3) 33... Qb4 {White must now prevent ...Qe1+.} 34. Kh2 $2 (34. Qe4) 34... a5 $19 35. a3 Qd6+ (35... Qxa3 $142 36. Qxc4 Qb4 37. Qc8+ Kg7) 36. g3 (36. Kg1 $142 Qxa3 37. Qxc4) 36... Qxa3 37. Qxc4 Qb4 38. Qc8+ Kg7 39. Qc6 Qd2 (39... a4 $142 {Strongly threatening ...a3.} 40. g4 a3) 40. Kg2 Qd4 41. Qb7 (41. h4 $142 a4 42. h5) 41... a4 42. Qxe7 Qxd5+ 43. Kg1 a3 $2 (43... Qd1+ $19 44. Kg2 Qd5+ 45. Kh2 Qd4) 44. Qxa3 $11 Qd1+ 45. Kg2 Qd5+ 46. Kg1 h5 47. Qc3+ Kh7 48. Qc1 Qe6 49. Qf4 Qe1+ 50. Kg2 Qe6 51. Qf3 Kg7 52. Qe3 h4 $2 {[%mdl 8192]} (52... Qxe3 $11 53. fxe3 f5) 53. Qf3 $2 (53. Qxe6 $18 {White threatens Qe7! and mate.} fxe6 54. gxh4) 53... Qf6 {[%mdl 32768] Quite a comeback for White. Accuracy: White = 39%, Black = 57%. . Loss on time!?} 0-1

[Event "390 Stay Safe Play From Home series"]
[Site "Emanuel Lasker Arena"]
[Date "2020.08.17"]
[Round "7"]
[White "Dukic"]
[Black "Ionelluca"]
[Result "0-1"]
[WhiteElo "1723"]
[BlackElo "2023"]
[Annotator "TA"]
[PlyCount "46"]
[EventDate "2020.08.17"]
[EventType "swiss (blitz)"]

{[%evp 9,46,75,77,63,91,35,35,17,41,49,35,0,0,-70,-7,-37,-10,-12,17,-10,0,0,0,0,0,0,17,-14,-15,-37,0,-91,-91,-446,-441,-733,-727,-830,-814]} 1. c4 c5 2. Nc3 e5 3. Nf3 Nc6 4. e3 d6 5. d4 exd4 6. exd4 {A35: Symmetrical English: 2 Nc3 Nc6 3 Nf3.} Bg4 7. dxc5 (7. Be2 $16) 7... dxc5 $14 {[#]} 8. Bd3 $146 {White is slightly better.} ({Predecessor:} 8. Be3 Nf6 9. Be2 Be7 10. O-O O-O 11. Qxd8 Raxd8 12. Rfd1 b6 13. Rxd8 Rxd8 14. Rd1 Rxd1+ 15. Bxd1 {0-1 (59) Oney,A-Ghitescu,T (2400) Bihac 1979}) 8... Nb4 9. Qe2+ Be7 10. Be4 Nf6 $1 11. Bb1 ({Better is} 11. O-O $11) 11... O-O ({Black should try} 11... Nc6 $1 $15) 12. O-O (12. h3 $5 {[%cal Rh3g4]} Bxf3 13. Qxf3 $11) 12... Re8 13. h3 Bh5 14. a3 Nc6 15. g4 Bg6 16. Bxg6 hxg6 17. Rd1 Nd4 18. Nxd4 cxd4 19. Nb5 Bc5 (19... Bxa3 $5 {[%cal Re8e2]} 20. Be3 Bc5 21. Nxd4 Bxd4 $15) 20. Qd3 {[#]} (20. Qf3 $1 $11 {keeps the balance.}) 20... a6 $1 $36 {[%cal Ra6b5][%mdl 2048] Black has strong initiative.} 21. Nxd4 $2 {[%mdl 8192]} (21. b4 $17 {nothing else works.}) 21... Bxd4 $19 {Black is clearly winning.} 22. Qxd4 {[#]} (22. Rb1 $142) 22... Re1+ $1 {[%mdl 576] Double Attack} 23. Kg2 (23. Rxe1 Qxd4) 23... Rxd1 {Accuracy: White = 40%, Black = 74%.} 0-1

[Event "390 Stay Safe Play From Home series"]
[Site "Emanuel Lasker Arena"]
[Date "2020.08.17"]
[Round "8"]
[White "Mepe_Nika"]
[Black "Padmaesh M K"]
[Result "1-0"]
[WhiteElo "2305"]
[BlackElo "1807"]
[Annotator "TA"]
[PlyCount "56"]
[EventDate "2020.08.17"]
[EventType "swiss (blitz)"]

{[%evp 9,56,8,10,0,0,-29,0,-29,8,0,0,-4,1,-1,74,61,89,102,132,126,123,92,125,110,122,121,114,116,344,331,343,145,147,143,146,144,179,167,229,253,431,436,941,949,939,931,1284,1285,1145]} 1. d4 Nf6 2. Bf4 d5 3. e3 Bf5 4. c4 e6 5. Nc3 Bb4 6. Qb3 {D00: 1 d4 d5: Unusual lines.} Nc6 7. Nf3 O-O (7... a5 $5 {[%cal Ra5a4]} 8. O-O-O O-O $15) 8. Ne5 {[#] The position is equal.} Nxe5 $146 ({Predecessor:} 8... a5 9. a3 a4 10. Qd1 Ba5 11. Bd3 Nxe5 12. Bxe5 dxc4 13. Bxc4 Ne4 14. Rc1 Qe7 {0-1 (39) Lenz,J (1003)-Chmela,Z (1881) LSS email 2013}) 9. Bxe5 Bxc3+ 10. bxc3 Nd7 11. Bg3 dxc4 (11... c5 $1 $11 {keeps the balance.}) 12. Bxc4 $16 Nb6 13. Be2 a5 14. O-O a4 15. Qd1 f6 16. c4 {[%cal Bc3c4,Bc4c5][%mdl 32]} Re8 17. Bf3 c6 18. c5 Nd5 $2 {This move loses the game for Black.} (18... Nd7 $16) 19. e4 $18 {[%mdl 64] [#] Double Attack} Nc3 20. Qe1 (20. Qd3 $18 {is more deadly.}) 20... Qxd4 $16 {[%cal Rf5e4]} 21. exf5 {[%mdl 64] Discovered Attack} exf5 22. Qc1 Re2 23. Rd1 Qb4 (23... Nxd1 $142 24. Bxe2 Nc3) 24. a3 $18 Qa5 $2 {[#]} (24... Qb2 25. Rd3 Rae8) 25. Rd3 {White is clearly winning.} f4 (25... Rae8 $142 26. Bf4 (26. Rxc3 $2 Re1+ {[%mdl 64] Decoy} 27. Qxe1 Rxe1+ 28. Rxe1 Qxc3 $19 {[%mdl 64] Double Attack}) 26... Re1+ 27. Qxe1 Rxe1+ 28. Rxe1 Ne4) 26. Qxc3 Qxc3 27. Rxc3 fxg3 28. Bxe2 gxh2+ {Accuracy: White = 73%, Black = 36%.} 1-0

[Event "390 Stay Safe Play From Home series"]
[Site "Emanuel Lasker Arena"]
[Date "2020.08.17"]
[Round "8"]
[White "MihailoVujic"]
[Black "Lazieri3"]
[Result "1/2-1/2"]
[WhiteElo "2137"]
[BlackElo "1865"]
[Annotator "TA"]
[PlyCount "46"]
[EventDate "2020.08.17"]
[EventType "swiss (blitz)"]

{[%evp 19,46,25,37,29,34,-14,37,15,59,66,67,66,65,66,62,60,87,70,192,212,217,184,208,206,337,320,420,409,344]} 1. e4 c6 2. d4 d5 3. f3 e6 4. Nc3 Nf6 5. e5 Nfd7 6. f4 c5 7. Nf3 Nc6 8. Be3 cxd4 9. Nxd4 Nxd4 {Recently 9...a6 got a lot of attention.} 10. Bxd4 Bc5 11. Bxc5 {C11: French: Classical System: 4 e5 and 4 Bg5 dxe4.} Nxc5 12. Bd3 {[#]} g6 $146 (12... O-O $11) ({Predecessor:} 12... Nxd3+ 13. Qxd3 Bd7 14. O-O-O a5 15. Qg3 g6 16. f5 gxf5 17. Qg7 Rf8 18. Rhf1 Qh4 19. g3 Qh5 {1-0 (33) Magalhaes,P (1890)-Buerger,A (1679) Luxembourg 1999}) 13. Qd2 {White is slightly better.} b6 14. Nb5 O-O 15. Nd6 Nb7 16. Nxb7 Bxb7 17. h4 h5 18. O-O-O f5 {[#] Loses the game.} ({Black should try} 18... d4 $14) 19. exf6 $1 $18 Qxf6 20. g3 Rac8 21. Rhe1 Rc6 (21... Rc7 $142 22. Re5 Bc8) 22. Re5 Rf7 {[#]} 23. Bxg6 $1 {[%mdl 512]} Rg7 {[%mdl 32768] Accuracy: White = 93%, Black = 25%. . An unexpected result.} (23... Qxg6 24. Rg5) 1/2-1/2

[Event "390 Stay Safe Play From Home series"]
[Site "Emanuel Lasker Arena"]
[Date "2020.08.17"]
[Round "8"]
[White "Greblha"]
[Black "Dukic"]
[Result "1-0"]
[WhiteElo "1936"]
[BlackElo "1718"]
[Annotator "TA"]
[PlyCount "85"]
[EventDate "2020.08.17"]
[EventType "swiss (blitz)"]

{[%evp 9,85,10,21,0,18,-5,-7,-17,66,40,47,41,47,5,0,-37,-31,-43,-39,-54,-35,-70,-60,-81,-54,-76,-58,-45,-45,-59,-56,-59,-18,-44,-16,-103,-18,-33,18,-5,56,72,74,47,52,20,77,-140,-117,-133,-114,-111,-126,-101,29976,29977,29977,29978,29978,29979,29979,29980,29980,29981,6299,1114,1039,774,1991,1783,1626,641,560,51,59,-29985,-29984,-29985]} 1. e4 c5 2. Nc3 e6 3. g3 a6 4. Bg2 b5 5. d3 Bb7 6. Be3 {B23: Closed Sicilian: Lines without g3.} b4 7. Nce2 d5 8. exd5 {The position is equal.} exd5 (8... Nf6 $11) 9. d4 c4 {[#]} 10. c3 $146 ({Predecessor:} 10. Nh3 Nf6 11. O-O Be7 12. f4 Nbd7 13. Nf2 a5 14. g4 h6 15. Ng3 Bd6 16. Nf5 {1-0 (24) Silva,A (1797)-Lomba,B (1319) Famalicao 2016}) 10... a5 11. Nf4 Nf6 12. Nge2 Bd6 13. O-O O-O 14. a3 bxa3 15. bxa3 Nbd7 16. Nh3 {[%cal Bf4h3,Bh3g5,Bg5f3,Bf3e5][%mdl 32]} Re8 17. Bf4 Bf8 18. Ng5 h6 19. Nf3 Ne4 20. Ne5 Nb6 21. f3 Nd6 22. Qb1 (22. a4 $11) 22... Rb8 (22... f6 $17 {Threatens to win with ...Bc8.} 23. Re1 fxe5 24. dxe5 Ndc8) 23. Qc2 $11 Re6 (23... Qc7 $15) 24. Bd2 f6 (24... Re7 $11) 25. Nf4 $14 Re8 26. Neg6 Bc8 $1 27. Nxf8 {Black must now prevent Qh7+.} Kxf8 (27... Bf5 $11 {keeps the balance.} 28. Qc1 Kxf8) 28. Qh7 $2 (28. g4 $1 $16 {aiming for Qh7.} f5 29. Rae1) 28... Bf5 $17 29. Ng6+ Kf7 $1 ({Reject} 29... Bxg6 $6 30. Qxg6 Na4 31. Rab1 $11) 30. Bxh6 Rg8 31. Nh8+ {[%mdl 64] Deflection} Rxh8 $2 {[%mdl 8192]} (31... Ke7 $17 32. Ng6+ Bxg6 33. Qxg6 gxh6 34. Qh7+ Nf7) 32. Qxg7+ Ke6 33. Rfe1+ Ne4 34. fxe4 dxe4 35. Bxe4 Bxe4 36. Rxe4+ Kd5 37. Rf4 (37. Qf7+ $142 Kc6 38. Re6+ Kb5 39. Bf4) 37... Nd7 $18 38. Qf7+ Kd6 39. Re1 Rxh6 40. Qxc4 (40. Rf5 $142 Kc6 41. Qxc4+ Kb7 42. Re6 $1 {[%mdl 512]}) 40... Qg8 {[#]} 41. Qe2 $2 (41. Qa6+ Rb6 $16) (41. d5 $1 $18 {[%csl Gd5][%cal Rc4c6][%mdl 512]} Rb6 (41... Qxd5 42. Rd4) 42. Re6+ Qxe6 43. dxe6 Rb1+ 44. Kg2 Rb2+ 45. Kf1 Rb1+ 46. Kg2 Rb2+ 47. Kg1 Rb1+ 48. Kg2) 41... Kc7 $14 42. Qc4+ $2 {[%mdl 8192]} (42. Rf5 $14 Rh8 {[#]} 43. Qe7 $1 {[%mdl 512]} (43. Rxa5 Ra8 $16)) 42... Qxc4 43. Rf2 {[%mdl 32768] Black used his chance. Accuracy: White = 46%, Black = 58%. . Loss on time!?} 1-0

[Event "390 Stay Safe Play From Home series"]
[Site "Emanuel Lasker Arena"]
[Date "2020.08.17"]
[Round "8"]
[White "W Nelles"]
[Black "Ionelluca"]
[Result "0-1"]
[WhiteElo "1395"]
[BlackElo "2029"]
[Annotator "TA"]
[PlyCount "44"]
[EventDate "2020.08.17"]
[EventType "swiss (blitz)"]

{[%evp 9,44,-2,0,-64,-41,-85,-79,-89,-79,-115,-57,-65,-50,-65,-59,-58,-21,-34,-50,-152,-147,-233,-232,-681,-662,-668,-675,-720,-719,-708,-721,-706,-662,-727,-723,-727,-714]} 1. e4 d6 2. Nf3 Nf6 3. e5 dxe5 4. Nxe5 g6 5. d4 Bg7 6. Bg5 {B07: Pirc Defence: Miscellaneous Systems.} (6. Nc3 $11) 6... O-O 7. Bc4 c5 {[#]} 8. O-O $146 {Black is better.} ({Predecessor:} 8. c3 cxd4 9. cxd4 Ne4 10. Be3 Qa5+ 11. Nd2 Bxe5 12. b4 Qxb4 13. Rb1 Nc3 14. Rxb4 Nxd1 15. Kxd1 {0-1 (25) Shaw,M (2003)-Petrov,M (2462) Vale 2015}) 8... cxd4 9. c3 Nc6 (9... Ne4 $17 10. Bf4 Nc6 11. Nxc6 bxc6 12. cxd4 Qxd4 13. Qxd4 Bxd4) 10. Nxc6 $15 bxc6 11. Qxd4 Qxd4 12. cxd4 Rb8 {[%cal Ba8b8,Bb8b2,Bb2c2][%mdl 32]} 13. Nc3 Rxb2 14. Rae1 (14. Bb3 $15) 14... Rc2 $36 {[%mdl 2048] Black is in control.} 15. Bxf6 (15. Rc1 $17 Rxc3 16. Rxc3) 15... Bxf6 $19 16. Ne4 $2 {[#]} (16. Rc1 Rxc1 17. Rxc1) 16... Rxc4 {Black is clearly winning.} 17. Nxf6+ exf6 18. Rc1 Be6 19. Rxc4 Bxc4 20. Rc1 Bd5 21. a4 Rb8 22. h3 Rb4 {Accuracy: White = 17%, Black = 77%.} 0-1

[Event "390 Stay Safe Play From Home series"]
[Site "Emanuel Lasker Arena"]
[Date "2020.08.17"]
[Round "9"]
[White "Mepe_Nika"]
[Black "MihailoVujic"]
[Result "1-0"]
[WhiteElo "2306"]
[BlackElo "2126"]
[Annotator "TA"]
[PlyCount "101"]
[EventDate "2020.08.17"]
[EventType "swiss (blitz)"]

{[%evp 9,101,-20,-23,-22,-21,-14,1,-12,-12,-12,-12,-15,-20,-12,0,-72,0,0,0,0,0,0,0,-6,0,-8,-3,-4,0,-1,-4,-4,0,0,0,0,0,-1,-14,-56,0,-50,0,0,0,-3,7,0,0,-19,0,0,0,-29,-22,-61,10,-121,-8,-552,205,204,204,155,155,155,272,264,267,267,2219,2336,1491,1364,29980,29981,29988,29989,29989,29990,29993,29994,29994,29995,29997,29996,29998,29996,29997,29996,29998,29996,29997,29996]} 1. d4 d5 2. Bf4 Nc6 3. e3 f6 4. c4 e5 5. dxe5 fxe5 {[#]} 6. Bg3 $146 {D00: 1 d4 d5: Unusual lines.} ({Predecessor:} 6. cxd5 exf4 7. dxc6 Qxd1+ 8. Kxd1 fxe3 9. cxb7 Bxb7 10. fxe3 O-O-O+ 11. Ke1 Nf6 12. Nc3 Ng4 13. e4 Bc5 14. Nh3 Ne3 15. Rc1 Rhf8 16. Nf2 Nxg2+ 17. Bxg2 Bxf2+ {0-1 (17) Levar,N (2315)-Jurkovic,H (2386) Kastav 2002}) 6... d4 7. exd4 exd4 8. Bd3 {The position is equal.} Nf6 9. Ne2 Bd6 10. O-O O-O 11. Nd2 Bg4 12. h3 (12. Qb3 $11 Bxg3 13. Nxg3) 12... Bxe2 (12... Bxg3 $17 13. fxg3 Qe7) 13. Qxe2 $11 Bxg3 14. fxg3 Qd6 15. Ne4 Nxe4 16. Qxe4 {[%csl Gd3][%cal Re4h7] [#]} g6 17. Qd5+ Qxd5 18. cxd5 Ne5 $36 {[%mdl 2048] Black has the initiative.} 19. Be4 Rxf1+ 20. Kxf1 {[%mdl 4096] Endgame KRB-KRN} Rd8 21. Rc1 Rd7 22. Rd1 c5 23. dxc6 $1 bxc6 24. b4 Kf7 (24... d3 $15 25. Kf2 Kg7) 25. a3 Ke6 26. Ke2 Rd6 27. h4 Nc4 28. Rc1 Nxa3 29. Bxc6 d3+ 30. Kd2 Nc2 31. b5 Ke5 32. Rf1 Kd4 ({Black should play} 32... Na3 $1 $15) 33. Rf7 (33. Rf4+ $11 {keeps the balance.} Kc5 34. Be4) 33... a6 (33... Na3 $17 {...Nc4+ is the strong threat.} 34. Rf4+ (34. Rxh7 $2 Nc4+ 35. Kd1 Kc3 $19) 34... Kc5) 34. Rxh7 $2 {[%mdl 8192] [#]} (34. Rd7 $11 {and White is okay.} Rxd7 35. Bxd7 axb5 36. Bxb5) 34... axb5 $4 {[%mdl 8192]} (34... Ne3 $19 {avoids the disaster.} 35. g4 Nc4+ 36. Kd1 Kc3) 35. Bxb5 $18 Nb4 36. Rf7 Kc5 37. Rd7 {aiming for Rxd6.} Rxd7 (37... Rf6 $16 {was necessary.} 38. Bxd3 Nc6) 38. Bxd7 $16 {Strongly threatening Be8. KB-KN} Kd4 39. Be8 Nd5 $2 (39... g5 40. h5 Ke5) 40. Bxg6 $18 Ne3 41. Bxd3 Nxg2 42. h5 {White mates.} Ne3 43. h6 Nd5 44. h7 Nc3 45. h8=Q+ Kc5 46. Qxc3+ Kb6 47. Qc4 Ka7 48. g4 Ka8 49. g5 Ka7 50. g6 Kb6 51. Qb5+ {Accuracy: White = 67%, Black = 63%.} 1-0

[Event "390 Stay Safe Play From Home series"]
[Site "Emanuel Lasker Arena"]
[Date "2020.08.17"]
[Round "9"]
[White "Ionelluca"]
[Black "Haris kollari 13"]
[Result "1-0"]
[WhiteElo "2029"]
[BlackElo "1903"]
[Annotator "NA RC"]
[PlyCount "111"]
[EventDate "2020.08.17"]
[EventType "swiss (blitz)"]

1. c4 {[%emt 0:00:03]} e6 {[%emt 0:00:01]} 2. g3 {[%emt 0:00:02]} c5 {[%emt 0:00:01]} 3. Bg2 {[%emt 0:00:06]} Nc6 {[%emt 0:00:01]} 4. Nc3 {[%emt 0:00:02]} d6 {[%emt 0:00:01]} 5. d3 {[%emt 0:00:01]} Bd7 {[%emt 0:00:02]} 6. Bd2 {[%emt 0:00:01]} Nf6 {[%emt 0:00:01]} 7. a3 {[%emt 0:00:01]} Be7 {[%emt 0:00:01]} 8. Rb1 {[%emt 0:00:01]} O-O {[%emt 0:00:02]} 9. b4 {[%emt 0:00:01]} b6 {[%emt 0:00:02]} 10. b5 {[%emt 0:00:01]} Nd4 {[%emt 0:00:03]} 11. e3 {[%emt 0:00:21]} Nf5 {[%emt 0:00:02]} 12. Nge2 {[%emt 0:00:07]} Rb8 {[%emt 0:00:03]} 13. O-O {[%emt 0:00:03]} g6 {[%emt 0:00:06]} 14. e4 {[%emt 0:00:04]} Ng7 {[%emt 0:00:02]} 15. h3 {[%emt 0:00:03]} Bc8 {[%emt 0:00:01]} 16. a4 {[%emt 0:00:03]} Bd7 {[%emt 0:00:09]} 17. Ra1 {[%emt 0:00:02]} Qc8 {[%emt 0:00:02]} 18. Kh2 {[%emt 0:00:03]} e5 {[%emt 0:00:01]} 19. a5 {[%emt 0:00:03]} h5 {[%emt 0:00:04]} 20. axb6 {[%emt 0:00:08]} axb6 {[%emt 0:00:01]} 21. Ra7 {[%emt 0:00:01]} Rb7 {[%emt 0:00:04]} 22. Qa4 {[%emt 0:00:02]} Qc7 {[%emt 0:00:03]} 23. Ra1 {[%emt 0:00:04]} Rfb8 {[%emt 0:00:01]} 24. Ra8 {[%emt 0:00:03]} Be6 {[%emt 0:00:04]} 25. Qa6 {[%emt 0:00:02]} Nd7 {[%emt 0:00:08]} 26. Rxb8+ {[%emt 0:00:05]} Nxb8 {[%emt 0:00:03]} 27. Qa8 {[%emt 0:00:01]} Kh7 {[%emt 0:00:08]} 28. f4 {[%emt 0:00:02]} f6 {[%emt 0:00:05]} 29. f5 {[%emt 0:00:03]} Bf7 {[%emt 0:00:01]} 30. fxg6+ {[%emt 0:00:02]} Kxg6 {[%emt 0:00:01]} 31. Qa2 {[%emt 0:00:02]} Be6 {[%emt 0:00:04]} 32. Rf1 {[%emt 0:00:01]} Ra7 {[%emt 0:00:03]} 33. Qb2 {[%emt 0:00:01]} Qb7 {[%emt 0:00:03]} 34. Qc1 {[%emt 0:00:01]} Qa8 {[%emt 0:00:02]} 35. Bh6 {[%emt 0:00:02]} Ne8 {[%emt 0:00:04]} 36. g4 {[%emt 0:00:04]} hxg4 {[%emt 0:00:02]} 37. hxg4 {[%emt 0:00:01]} Nc7 {[%emt 0:00:05]} 38. Ng3 {[%emt 0:00:01]} Nd7 {[%emt 0:00:18]} 39. Nf5 {[%emt 0:00:01]} Bxf5 {[%emt 0:00:07]} 40. gxf5+ {[%emt 0:00:01]} Kf7 {[%emt 0:00:01]} 41. Rf3 {[%emt 0:00:01]} Qh8 {[%emt 0:00:02]} 42. Rh3 {[%emt 0:00:01]} Qg8 {[%emt 0:00:07]} 43. Bf3 {[%emt 0:00:01]} Ke8 {[%emt 0:00:02]} 44. Bh5+ {[%emt 0:00:02]} Kd8 {[%emt 0:00:01]} 45. Rg3 {[%emt 0:00:01]} Qh8 {[%emt 0:00:05]} 46. Qg1 {[%emt 0:00:04]} Kc8 {[%emt 0:00:02]} 47. Rg8+ {[%emt 0:00:01]} Qxg8 {[%emt 0:00:05]} 48. Qxg8+ {[%emt 0:00:01]} Bd8 {[%emt 0:00:04]} 49. Qf7 {[%emt 0:00:03]} Ra3 {[%emt 0:00:03]} 50. Nd5 {[%emt 0:00:02]} Nxd5 {[%emt 0:00:03]} 51. Qxd5 {[%emt 0:00:01]} Bc7 {[%emt 0:00:05]} 52. Be8 {[%emt 0:00:01]} Nb8 {[%emt 0:00:01]} 53. Bg7 {[%emt 0:00:02]} Ra2+ {[%emt 0:00:04]} 54. Kg3 {[%emt 0:00:02]} Re2 {[%emt 0:00:02]} 55. Bxf6 {[%emt 0:00:01]} Re3+ {[%emt 0:00:02]} 56. Kf2 {[%emt 0:00:01] Time Time Time (Lag: Av=0.53s, max=1.0s) (Lag: Av=0.53s, max=1.0s) (Lag: Av=0.53s, max=1.0s)} 1-0

[Event "390 Stay Safe Play From Home series"]
[Site "Emanuel Lasker Arena"]
[Date "2020.08.17"]
[Round "9"]
[White "Lazieri3"]
[Black "Greblha"]
[Result "0-1"]
[WhiteElo "1877"]
[BlackElo "1944"]
[Annotator "TA"]
[PlyCount "88"]
[EventDate "2020.08.17"]
[EventType "swiss (blitz)"]

{[%evp 12,88,36,23,58,42,77,36,71,0,0,-12,0,-64,-71,-155,-147,-158,-151,-154,-132,-129,-123,-226,-211,-263,-169,-185,-162,-190,-112,-161,-135,-166,-78,-95,-88,-92,-39,-49,0,0,57,-135,-140,-127,-141,-163,-144,-139,-145,-128,-129,-245,-241,-218,69,-13,-13,-28,-22,-13,-13,-22,-8,-160,-157,-1203,-1195,-1157,-901,-29977,-29978,-29978,-29979,-29979,-29980,-29978,-29977]} 1. e4 c6 2. d4 d5 3. exd5 cxd5 4. c3 Nc6 5. Nf3 g6 6. Bf4 Bg7 7. Bd3 f6 {B13: Caro-Kann: Exchange Variation and Panov-Botvinnik Attack.} 8. O-O Nh6 9. h3 Nf7 {Strongly threatening ...e5.White is slightly better.} 10. Bh2 ({Better is} 10. c4 $16) 10... O-O $11 11. Re1 e5 {Hoping for ...e4.} 12. dxe5 ({White should play} 12. c4 $11) 12... fxe5 $15 {[#]} 13. Bb5 $146 (13. Nbd2 $142) ({Predecessor:} 13. Bc2 e4 14. Nfd2 Nfe5 15. Nf1 Qf6 16. Bg3 Be6 17. Nbd2 Rad8 18. Nb3 h5 19. h4 {1-0 (61) Gritsayeva,O (2373)-Tsepennikova,T (1984) Sochi 2017}) 13... e4 $17 14. Bxc6 bxc6 15. Nd4 Bd7 16. Nd2 Ne5 {Threatens to win with ...Nd3.} 17. N2b3 (17. Nxe4 $17 {might work better.} dxe4 18. Rxe4) 17... Nd3 $19 18. Re2 Qf6 19. Bg3 a5 20. Nc1 Ne5 (20... c5 $19 21. Nxd3 exd3 22. Qxd3 cxd4) 21. a4 Qg5 22. Qd2 Qxd2 (22... Qe7 $19 {has better winning chances.} 23. Ncb3 Rf7) 23. Rxd2 $17 Nc4 24. Re2 Rf7 (24... c5 $17 25. Nb5 Bxb5 26. axb5 a4) 25. Ncb3 $15 Raf8 26. Nc5 Bxd4 (26... Rc8 $11) 27. Nxd7 $2 {[#]} (27. cxd4 $14 {was the only good move.} Bc8 28. b3) 27... Bxf2+ $1 $17 {[%mdl 512]} 28. Bxf2 (28. Rxf2 Rxd7) 28... Rxd7 29. Bc5 Rb8 30. b4 axb4 31. cxb4 {[#]} Ne5 $1 32. a5 (32. Ra3 $17) 32... Nd3 $19 33. Rc2 Nxb4 $2 (33... d4 $19 34. a6 Nxc5 35. Rxc5 e3) 34. Bxb4 (34. Rb2 $1 $14 Na6 35. Rxb8+ Nxb8 36. a6 Nxa6 37. Rxa6) 34... Rxb4 {[%mdl 4096] Endgame KRR-KRR} 35. a6 {aiming for a7.} Ra7 {...Rb6 is the strong threat.} 36. Rxc6 d4 37. Rd6 d3 {next ...Kf7 is good for Black.} 38. Re1 $2 ({White should try} 38. Kf2 $11) 38... Ra4 $17 39. Re6 $2 {Now White is beyond hope.} (39. Kf2 $17) 39... R7xa6 $19 40. Rxa6 Rxa6 41. Rxe4 d2 {Black mates.} 42. Rd4 Ra1+ 43. Kh2 d1=Q 44. Rxd1 Rxd1 {Accuracy: White = 40%, Black = 55%.} 0-1